| 000 | 00706nam a2200229 i 4500 | ||
|---|---|---|---|
| 001 | 16155 | ||
| 003 | ES-MaACL | ||
| 005 | 20250824222025.0 | ||
| 007 | t| | ||
| 008 | 000706s1999 sp ||||1| spa d | ||
| 020 | _a84-7844-472-6 | ||
| 080 | _a821.134.3(81)-4"19" | ||
| 100 | 1 |
_aLispector, Clarice. _972542 |
|
| 245 | 1 | 3 |
_aUn soplo de vida (pulsaciones) _b: / _cClarice Lispector ; traducción de Mario Merlino. |
| 260 |
_aMadrid : _bSiruela, _c[1999] |
||
| 300 |
_a154 p. ; _c22 cm. |
||
| 490 | 1 | _aLibros del tiempo | |
| 700 | 1 |
_aMerlino, Mario, _d1948-2009 _980578 |
|
| 830 | 0 | 0 |
_aLibros del tiempo (Siruela) _9233603 |
| 852 |
_aES-MaACL _jL-23435 _bR.128516 |
||
| 999 |
_c16155 _d16155 |
||